000 00431nam a2200193Ia 4500
008 151121s9999||||xx |||||||||||||| ||und||
082 _a823-/GUN
082 _bHNW-55579
100 _aGunther John
245 _aD Day
260 _b"Thacker & Co।,Ltd।, Bombay।"
260 _c--
300 _a257
600 _aGunther John
630 _aD Day
700 _aGunther John
730 _aD Day
942 _cBOOK
999 _c1238419
_d1238416